Classement LumiRank 2024.2 Smash Bros. Ultimate - Statistics

General Stats
  • This quiz has been taken 135 times
  • The average score is 74 of 150
Answer Stats
# Country Player Mains % Correct
1 Sparg0
100%
13 Glutonny
97%
8 MkLeo
97%
5 Sonix
96%
25 Tea
96%
4 Light
94%
7 Shuton
94%
3 Acola
93%
2 Miya
93%
10 Tweek
92%
31 Riddles
91%
20 Kola
90%
17 Maister
89%
16 Shadic
89%
9 Asimo
88%
12 Hurt
88%
15 Lima
88%
18 Yoshidora
88%
55 crêpe salée
87%
24 ShinyMark
87%
21 Zomba
87%
23 Marss
86%
6 Raru
86%
19 Snow
86%
44 Sisqui
84%
26 KEN
82%
36 Lui$
79%
11 Doramigi
78%
131 NaetorU
78%
70 Raflow
78%
14 Syrup
78%
35 Wrath
78%
74 Ouch!?
76%
129 Leon
74%
150 Mezcaul
74%
122 Oryon
74%
97 Tarik
74%
22 Onin
73%
29 alice
70%
77 MKBigBoss
70%
73 MuteAce
70%
92 AndresFn
68%
30 BeastModePaul
68%
58 Jogibu
68%
32 TamaPDaifuku
68%
82 Neo
67%
42 Peabnut
67%
69 Umeki
67%
66 Mr. E
66%
124 PeW
66%
56 Toriguri
64%
81 drybie
62%
86 Bruho
61%
142 Raarchyor
60%
28 Akakikusu
59%
76 TM7_ZAP
59%
48 Jahzz0
58%
40 MASA
58%
89 Supahsemmie
57%
144 Jakal
56%
50 Lv.1
54%
146 JeJaJeJa
53%
52 Kome
52%
43 M0tsunabE
52%
98 kept
51%
54 Candle
50%
137 Chag
50%
27 Ryuoh
50%
45 Shirayuki
49%
75 Luugi
48%
38 Taikei
48%
39 Waka
48%
116 Chase
47%
96 Leaf
47%
104 omega
47%
33 Rarikkusu
47%
41 Sin
47%
46 Alandiss
46%
119 Gackt
46%
80 Monte
46%
91 Goblin
44%
34 Raki
44%
47 Fui
43%
88 Yone_pi
43%
115 Gachipi
41%
79 Karaage
41%
107 PkChris
40%
57 Gorioka
39%
68 Anarchy
37%
127 IcyMist
37%
37 Navy
34%
64 RIMU
34%
60 Skeleton
34%
49 33Peranbox
33%
65 Carmelo
33%
111 Noi
33%
128 ATATA
32%
99 Beastly
32%
101 Tsubaki
32%
51 chicken
31%
136 Futari no Kiwami Ah~!
31%
133 JDV
31%
90 Nao
31%
149 Soar
31%
61 Tsuna
30%
78 Eik
29%
147 Lax
29%
148 LiiMac
29%
87 Tas
29%
63 Yamanaction
29%
105 Reno
28%
71 Shion
28%
145 Sonido
28%
139 sssr
28%
72 uame
28%
62 HaunterGV
27%
138 Free Kayflock
24%
59 Akio
23%
84 ElleGo
23%
112 Dominator
22%
102 Furararamen
22%
93 DieGorou
21%
67 Mild na H.O
21%
143 Ryopei
21%
134 Wolfen
21%
126 Endothia
20%
83 Just Blue
20%
120 Shupi
20%
108 yuzu
20%
100 tameigo
19%
53 Nyonoknb
18%
141 Tsumusuto
18%
106 mzk
17%
94 Ocha
17%
130 SPARKLE
17%
110 Kuroponzu
16%
117 Kuhaku
13%
103 Kurofune
13%
95 Mao
13%
118 Omuatsu
13%
123 Romeo Santos
13%
132 AwDaSea
12%
113 Marcos
12%
121 Shinnnnnji
12%
114 syadou
12%
140 Akari Mizunashi
8%
85 Miko
8%
109 tomisa
7%
135 Niyae
6%
125 Malk
3%
No matching quizzes found
Score Distribution
Percent of People with Each Score
Percentile by Number Answered
Your Score History
You have not taken this quiz